Samantha the snob / (Record no. 111766)
[ view plain ]
| 000 -LEADER | |
|---|---|
| fixed length control field | 00659nam a2200217 a 4500 |
| 001 - CONTROL NUMBER | |
| control field | 2092 |
| 005 - DATE AND TIME OF LATEST TRANSACTION | |
| control field | 20140414131921.0 |
| 008 - FIXED-LENGTH DATA ELEMENTS--GENERAL INFORMATION | |
| fixed length control field | 001111s19uu xx 00 eng d |
| 020 ## - INTERNATIONAL STANDARD BOOK NUMBER | |
| International Standard Book Number | 0-679-84640-9 |
| 050 ## - LIBRARY OF CONGRESS CALL NUMBER | |
| Classification number | ER |
| Item number | Sa4 1994 |
| 100 ## - MAIN ENTRY--PERSONAL NAME | |
| Personal name | Cristaldi, Kathryn |
| 245 ## - TITLE STATEMENT | |
| Title | Samantha the snob / |
| Statement of responsibility, etc | Kathryn Cristaldi ; illustrated by Denise Brunkev. |
| 260 ## - PUBLICATION, DISTRIBUTION, ETC. (IMPRINT) | |
| Place of publication, distribution, etc | New York : |
| Name of publisher, distributor, etc | Random House. |
| 300 ## - PHYSICAL DESCRIPTION | |
| Extent | 49 p. ; cm. |
| 520 ## - SUMMARY, ETC. | |
| Summary, etc | Grade 1-3. A young girl resents her new rich classsmates until she gets to know her. |
| 650 ## - SUBJECT ADDED ENTRY--TOPICAL TERM | |
| Topical term or geographic name as entry element | Jealousy |
| General subdivision | Fiction. |
| 650 ## - SUBJECT ADDED ENTRY--TOPICAL TERM | |
| Topical term or geographic name as entry element | Friendship |
| General subdivision | Fiction. |
| 650 ## - SUBJECT ADDED ENTRY--TOPICAL TERM | |
| Topical term or geographic name as entry element | Wealth |
| General subdivision | Fiction. |
| Withdrawn status | Lost status | Damaged status | Use restrictions | Home library | Current library | Shelving location | Date acquired | Source of acquisition | Total Checkouts | Full call number | Barcode | Date last seen | Price effective from | Koha item type |
|---|---|---|---|---|---|---|---|---|---|---|---|---|---|---|
| Munich Library | Munich Library | Easy Reading Section | 05/26/2005 | ER Sa4 1994 | M2659 | 04/14/2014 | 04/14/2014 | Books | ||||||
| Munich Library | Munich Library | Easy Reading Section | 10/22/2010 | ER Sa4 1994 | M2658 | 04/14/2014 | 04/14/2014 | Books |